LEADER 03721nam 2200721 450 001 9910782768203321 005 20230617003516.0 010 $a1-281-99945-8 010 $a9786611999452 010 $a3-11-021171-8 024 7 $a10.1515/9783110211719 035 $a(CKB)1000000000697846 035 $a(EBL)3043369 035 $a(OCoLC)922946550 035 $a(SSID)ssj0000209988 035 $a(PQKBManifestationID)11197000 035 $a(PQKBTitleCode)TC0000209988 035 $a(PQKBWorkID)10266446 035 $a(PQKB)10097160 035 $a(MiAaPQ)EBC3043369 035 $a(WaSeSS)Ind00016823 035 $a(DE-B1597)35471 035 $a(OCoLC)979587947 035 $a(DE-B1597)9783110211719 035 $a(Au-PeEL)EBL3043369 035 $a(CaPaEBR)ebr10761827 035 $a(CaONFJC)MIL199945 035 $a(EXLCZ)991000000000697846 100 $a20090821d2004 uy 0 101 0 $aeng 135 $aur|n|---||||| 181 $ctxt 182 $cc 183 $acr 200 00$aNew approaches to the study of religion$hVolume 2$iTextual, comparative, sociological, and cognitive approaches /$fedited by Peter Antes, Armin W. Geertz, Randi R. Warne 210 1$aBerlin :$cDe Gruyter,$d[2004] 210 4$dİ2004 215 $a1 online resource (503 p.) 225 1 $aReligion and reason ;$vv. 43 300 $aDescription based upon print version of record. 311 $a3-11-018175-4 320 $aIncludes bibliographical references and index. 327 $gSection 4. Textual approaches ;$tNew approaches to the problem of translation in the study of religion /$rAlan Williams --$tThe use of electronic media in the study of sacred texts /$rGordon D. Newby --$tNew approaches:$gLiterary theory /$rDawne McCance. 327 $gSection 5. Comparative approaches ;$tComparison in the study of religion /$rWilliam E. Paden --$tNew approaches to the study of syncretism /$rLuther H. Martin and Anita Maria Leopold --$tPerformance theory and the study of ritual /$rRonald L. Grimes --$tNew approaches to the study of religious dance /$rHelga Barbara Gundlach --$tHuman rights:$gAn important and challenging new field for the study of religion /$rRosalind I.J. Hackett. 327 $gSection 6. Social sciences ;$tA survey of advances in the sociology of religion (1980-2000) /$rLiliane Voye? --$tAssessing secularization theory /$rKarel Dobbelaere --$tUrbanization and religion /$rRobert Kisala --$tReligion and diaspora /$rSteven Vertovec --$tApproaches to the study of religion in the media /$rAlf G. Linderman --$tBeyond "Church and State":$gAdvances in the study of religion and law /$rWinnifred Fallers Sullivan. 327 $gSection 7. Cognition and cross-cultural psychology ;$tCognitive approaches to the study of religion /$rArmin W. Geertz --$tThe naturalness of religious concepts:$gAn emerging cognitive science of religion /$rJustin L. Barrett --$tPsychoanalyzing prehistory:$gStruggling with the unrecorded past /$rDavid A. Warburton --$gConclusion /$rPeter Antes, Armin W. Geertz, and Randi R. Warne. 410 0$aReligion and reason ;$v43. 606 $aReligion$vComparative studies 606 $aReligions$xStudy and teaching$xHistory$y20th century 615 0$aReligion 615 0$aReligions$xStudy and teaching$xHistory 676 $a200 686 $aMS 6550$2rvk 701 $aAntes$b Peter$f1942-$0304444 701 $aGeertz$b Armin W.$f1948-$01544968 701 $aWarne$b R. R$g(Randi Ruth),$f1952-$01178693 801 0$bMiAaPQ 801 1$bMiAaPQ 801 2$bMiAaPQ 906 $aBOOK 912 $a9910782768203321 996 $aNew approaches to the study of religion$93799581 997 $aUNINA LEADER 01221nam 2200409 450 001 9910829012903321 005 20230808205446.0 010 $a3-95935-333-2 035 $a(CKB)4340000000017794 035 $a(MiAaPQ)EBC4741660 035 $a(Au-PeEL)EBL4741660 035 $a(CaPaEBR)ebr11299618 035 $a(OCoLC)964409699 035 $a(EXLCZ)994340000000017794 100 $a20161207h20162016 uy 0 101 0 $ager 135 $aurcnu|||||||| 181 $2rdacontent 182 $2rdamedia 183 $2rdacarrier 200 14$aDer Aufbruch in die Moderne $eDie Siedlung "Neu-Jerusalem" von Erwin Gutkind und Leberecht Migge /$fLutz Oberla?nder 210 1$aHamburg, [Germany] :$cdisserta Verlag,$d2016. 210 4$dİ2016 215 $a1 online resource (172 pages) $cillustrations, tables 311 $a3-95935-332-4 320 $aIncludes bibliographical references. 606 $aHuman settlements 615 0$aHuman settlements. 676 $a307 700 $aOberla?nder$b Lutz$01637422 801 0$bMiAaPQ 801 1$bMiAaPQ 801 2$bMiAaPQ 906 $aBOOK 912 $a9910829012903321 996 $aDer Aufbruch in die Moderne$93979255 997 $aUNINA